[Event "Paris-ch op-A"]
[Site "Paris"]
[Date "2010.07.10"]
[Round "8"]
[White "Samoun, Florent"]
[Black "Harrison, Marc"]
[Result "1-0"]
[WhiteElo "2160"]
[BlackElo "2100"]
[PlyCount "109"]
[EventDate "2010.07.03"]
[EventType "swiss"]
[EventRounds "9"]
[EventCountry "FRA"]
[SourceTitle "CBM 137 Extra"]
[Source "ChessBase"]
[SourceDate "2010.09.01"]
[SourceVersion "1"]
[SourceVersionDate "2010.09.01"]
[SourceQuality "1"]

1. e4 c5 2. Nc3 d6 3. g3 Nc6 4. Bg2 g6 5. d3 Bg7 6. Be3 Nf6 7. h3 Qb6 8. Rb1 Be6 9. Qd2 Nd4 10. f4 Nd7 11. g4 f5 12. gxf5 gxf5 13. Nd5 Bxd5 14. exd5 Qa6 15. a3 Qa4 16. c3 Qc2 17. Rd1 Qxd2+ 18. Kxd2 Nb5 19. Nf3 h6 20. Nh4 Rf8 21. Bf3 0-0-0 22. Rde1 Bf6 23. Bf2 Nc7 24. Kc2 Bxh4 25. Bxh4 Nf6 26. Bxf6 exf6 27. Rhg1 Rg8 28. c4 Kd7 29. Bh5 Rdf8 30. Bg6 Kd8 31. Bxf5 b6 32. Bg6 Rg7 33. f5 a5 34. Rg4 Re7 35. Rge4 Rxe4 36. Rxe4 Rh8 37. Kc3 Rf8 38. Kd2 Rh8 39. Ke2 Rf8 40. Kf3 Rh8 41. Kg4 Kd7 42. Kh5 Kd8 43. Bf7 Kd7 44. Kg6 b5 45. Kxf6 Rb8 46. Re7+ Kd8 47. Re2 bxc4 48. dxc4 Rb3 49. h4 Rg3 50. Re4 a4 51. Bg6 Rg2 52. Kg7 Na6 53. f6 Nb8 54. Re8+ Kc7 55. Rxb8 1-0

[Event "Paris-ch op-A"]
[Site "Paris"]
[Date "2010.07.05"]
[Round "3"]
[White "Harrison, Marc"]
[Black "Iasman, Inna"]
[Result "1/2-1/2"]
[WhiteElo "2100"]
[BlackElo "1973"]
[PlyCount "120"]
[EventDate "2010.07.03"]
[EventType "swiss"]
[EventRounds "9"]
[EventCountry "FRA"]
[SourceTitle "CBM 137 Extra"]
[Source "ChessBase"]
[SourceDate "2010.09.01"]
[SourceVersion "1"]
[SourceVersionDate "2010.09.01"]
[SourceQuality "1"]

1. e4 c6 2. d4 d5 3. Nc3 dxe4 4. Nxe4 Nd7 5. Nf3 Ngf6 6. Nxf6+ Nxf6 7. g3 Bg4 8. Bg2 e6 9. 0-0 Be7 10. c4 0-0 11. Be3 Qc7 12. Qb3 Qb6 13. Qxb6 axb6 14. h3 Bf5 15. Ne5 Ra6 16. g4 Be4 17. f3 Bg6 18. h4 Rfa8 19. h5 Bxh5 20. gxh5 Rxa2 21. Rxa2 Rxa2 22. Nd3 Nxh5 23. Rc1 Ng3 24. Bf1 Nf5 25. Bf2 Bf6 26. d5 exd5 27. cxd5 c5 28. b4 h5 29. bxc5 bxc5 30. Nxc5 Rd2 31. Nd3 b5 32. Bc5 Nh4 33. Bf2 Nxf3+ 34. Kg2 Ng5 35. d6 Ne4 36. Kf3 Nxd6 37. Nf4 g6 38. Rb1 Rb2 39. Rxb2 Bxb2 40. Nd5 Nc4 41. Be2 Kg7 42. Bc5 g5 43. Nc7 f5 44. Nxb5 Ne5+ 45. Kg2 Kg6 46. Bd6 f4 47. Nc7 g4 48. Bb5 h4 49. Nd5 f3+ 50. Kf1 g3 51. Bc5 Kf5 52. Ne3+ Ke4 53. Ba6 Bd4 54. Bxd4 Kxd4 55. Nf5+ Ke4 56. Nxh4 f2 57. Bb7+ Kf4 58. Ng2+ Kg5 59. Ne3 Ng4 60. Nxg4 Kxg4 1/2-1/2

[Event "Paris-ch op-A"]
[Site "Paris"]
[Date "2010.07.04"]
[Round "2"]
[White "Durand, Victor"]
[Black "Harrison, Marc"]
[Result "0-1"]
[WhiteElo "1950"]
[BlackElo "2100"]
[PlyCount "64"]
[EventDate "2010.07.03"]
[EventType "swiss"]
[EventRounds "9"]
[EventCountry "FRA"]
[SourceTitle "CBM 137 Extra"]
[Source "ChessBase"]
[SourceDate "2010.09.01"]
[SourceVersion "1"]
[SourceVersionDate "2010.09.01"]
[SourceQuality "1"]

1. e4 c5 2. Nf3 d6 3. d4 cxd4 4. Nxd4 Nf6 5. Nc3 a6 6. Be3 e6 7. f3 b5 8. Qd2 Nbd7 9. 0-0-0 Bb7 10. g4 Nb6 11. Qf2 Nfd7 12. h4 Rc8 13. Nce2 Nc4 14. Bg5 Qa5 15. Kb1 d5 16. exd5 Bxd5 17. Nf4 Nxb2 18. Nxd5 Nxd1 19. Qe2 Nc3+ 20. Nxc3 Qxc3 21. Nxe6 Qe5 22. Qxe5 Nxe5 23. Nd4 Bc5 24. Nb3 Bb6 25. Bg2 0-0 26. Rd1 f6 27. Bc1 Rfd8 28. Re1 Bf2 29. Re2 Bxh4 30. g5 Nc4 31. f4 fxg5 32. fxg5 Rd1 0-1

[Event "FRA-chT4 0405"]
[Site "Franconville"]
[Date "2005.03.13"]
[Round "6.6"]
[White "Catalan, Vincent"]
[Black "Harrison, Marc"]
[Result "0-1"]
[WhiteElo "1670"]
[BlackElo "1940"]
[PlyCount "48"]
[EventDate "2004.10.10"]
[EventType "team-tourn"]
[EventRounds "7"]
[EventCountry "FRA"]
[SourceTitle "EXT 2007"]
[Source "ChessBase"]
[SourceDate "2006.11.23"]
[SourceVersion "1"]
[SourceVersionDate "2006.11.23"]
[SourceQuality "1"]

1. e4 c5 2. Nf3 d6 3. d4 cxd4 4. Nxd4 Nf6 5. Nc3 a6 6. Bg5 e6 7. Qf3 Be7 8. 0-0-0 Qc7 9. Kb1 b5 10. Bd3 Nbd7 11. Qg3 Bb7 12. f3 b4 13. Na4 Rc8 14. Be3 Nc5 15. Nxc5 dxc5 16. Qxg7 Rg8 17. Qh6 cxd4 18. Bxd4 e5 19. Be3 Rg6 20. Qh3 Bc5 21. Bd2 Rd8 22. g4 Qb6 23. g5 Bc8 24. Qh4 Bf2 0-1